Arguments d'une recherche /

I tiakina i:
Ngā taipitopito rārangi puna kōrero
Kaituhi matua: Axelos, Kostas (autor)
Hōputu: Pukapuka
Reo:Wīwī
I whakaputaina: París, Francia : Editions du Minuit, 1969, c1969
Rangatū:(Arguments ; 40)
Ngā marau:
Ngā Tūtohu: Tāpirihia he Tūtohu
Kāore He Tūtohu, Me noho koe te mea tuatahi ki te tūtohu i tēnei pūkete!

MARC

LEADER 00000nam^a2200000^a^4500
001 000182230
005 20250521000000.0
009 20260310102000.382
037 |a Acervo ITESO - Biblioteca 
041 |a FRA 
082 |a 140. 9  |b AXE 
100 |a Axelos, Kostas  |e (autor) 
245 1 0 |a Arguments d'une recherche /  |c K. Axelos. 
264 4 |a París, Francia :  |b Editions du Minuit,  |c 1969, c1969 
300 |a 212 p. 
336 |a texto  |b txt  |2 rdacontenido 
337 |a sin mediación  |b n  |2 rdamedio 
338 |a volumen  |b nc  |2 rdasoporte 
440 1 |a (Arguments ;  |v 40) 
649 |a XX 
650 |a Filosofía Griega -  |x Historia y Crítica 
650 |a Marxismo -  |x Historia y Crítica 
650 |a Escuela de Frankfurt 
650 |a Modernidad y Posmodernidad -  |x Historia y Crítica 
650 |a Filosofía -  |x Historia y Crítica 
910 |a Fondo Armando Suárez Gómez 
920 |a Impresos - Libros 
930 |a Fondos Especiales 
905 |a 111 
901 |a 0700000954  |b IT2  |c ESP  |u 20250521 
902 |a https://opac.biblio.iteso.mx/vufind/Record/000182230